000 00866 a2200181 4500
003 Nust
005 20221117125818.0
020 _a9788131701843
040 _cNust
082 _a621.38,RAJ
100 _aG. S. N. Raju
_9102850
245 _aAntennas and Wave Propagation /
_cG. S. N. Raju
260 _aNew Delhi
_bPearson Education
_c2009
300 _axxii,487p.
505 _aIntroduction (Page-1), Mathematical Preliminaries (Page-9), Maxwell’s Equations and Electromagnetic Waves (Page-55), Radiation and Antennas (Page-134), Analysis of Linear Arrays (Page-165), Array Synthesis (Page-208), HF,VHF and Uhf Antennas (Page-238), Microwave Antennas (Page-294), Antenna Measurements (Page-352), Wave Propagation (Page-383), Multiple Choice Questions (Page-445), Bibliography (Page-461).
610 _aTelecommunication Engineering
_9102851
942 _2ddc
_cBK
999 _c189449
_d189449